BEFORE or AFTER: Literature Quiz Stats

Quiz Updated Apr 6, 2014

Challenge
Share
Tweet
Embed
Score 0/20 Timer 03:00
0 Plays Today
Text (Author) Before or After? % Correct
To Kill a Mockingbird (Harper Lee)???
86.8%
The Lord of the Rings (J.R.R. Tolkien)???
78.7%
Invisible Man (Ralph Ellison)???
70.8%
Hamlet (William Shakespeare)???
69.9%
The Catcher in the Rye (J.D. Salinger)???
69%
Pride and Prejudice (Jane Austen)???
68.5%
The Hobbit (J.R.R. Tolkien)???
67.5%
Nineteen Eighty-Four (George Orwell)???
65.9%
A Tale of Two Cities (Charles Dickens)???
60.6%
Animal Farm (George Orwell)???
59.6%
Text (Author) Before or After? % Correct
War and Peace (Leo Tolstoy)???
56.5%
Don Quixote (Miguel de Cervantes)???
55.5%
Lord of the Flies (William Golding)???
53.3%
Moby Dick (Herman Melville)???
53.3%
A Doll's House (Henrik Ibsen)???
51.1%
Beloved (Toni Morrison)???
48.5%
Black Oxen (Gertrude Atherton)???
47.7%
Gulliver's Travels (Jonathan Swift)???
46.7%
Ulysses (James Joyce)???
46.7%
The Adventures of Huckleberry Finn (Mark Twain)???
44.1%

You're not logged in!

Compare scores with friends on all Sporcle quizzes.
Join for Free
OR
Log In

You Might Also Like...

Show Comments

Extras

Top Quizzes Today


Score Distribution

Your Account Isn't Verified!

In order to create a playlist on Sporcle, you need to verify the email address you used during registration. Go to your Sporcle Settings to finish the process.

Report this User

Report this user for behavior that violates our Community Guidelines.

Details: